| 000 | 00703nam a2200241 i 4500 | ||
|---|---|---|---|
| 001 | 6885 | ||
| 003 | ES-MaACL | ||
| 005 | 20230906145121.0 | ||
| 007 | t| | ||
| 008 | 900710s1986 sp af |||| | spa d | ||
| 020 | _a84-345-8405-0 | ||
| 080 | _a621-52 | ||
| 100 | 1 |
_aLaurie, Peter. _970651 |
|
| 245 | 1 | 0 |
_aInformática para todos / _cPeter Laurie. |
| 260 |
_aBarcelona : _bSalvat, _c[1986] |
||
| 300 |
_aX, 227 p., [14] p. de lám. col. : _bil. ; _c19 cm. |
||
| 490 | 1 |
_aBiblioteca científica Salvat ; _v32 |
|
| 650 | 1 | 4 |
_aOrdenadores. _915740 |
| 650 |
_aProceso de datos. _916433 |
||
| 830 | 1 |
_aBiblioteca científica Salvat ; _v32 _9177703 |
|
| 852 |
_aES-MaACL _jL-14119 |
||
| 999 |
_c6885 _d6885 |
||